Has the nature of crises changed? <a> quarter century of currency crises in Argentina

Enregistré dans:
Détails bibliographiques
Auteur principal: Choueiri, Nada
Autres auteurs: Kaminsky, Graciela Laura
Format: Livre
Langue:anglais
Publié: Washington International Monetary Fund 1999
Collection:IMF Working Paper WP/99/152
Sujets:
Tags: Ajouter un tag
Pas de tags, Soyez le premier à ajouter un tag!

MARC

LEADER 00000nam a2200000 4500
001 c124230
005 20221221082537.1
041 0 |a eng 
044 |a US 
245 1 0 |a Has the nature of crises changed?  |b <a> quarter century of currency crises in Argentina  |c Prepared by Nada Choueiri and Graciela Kaminsky 
264 1 |a Washington  |b International Monetary Fund  |c 1999 
300 |a 41 s. 
490 1 |a IMF Working Paper  |v WP/99/152 
830 0 |a IMF Working Paper  |v WP/99/152 
610 2 0 |a kríza finančná 
610 2 0 |a kríza hospodárska 
610 2 0 |a kríza menová 
610 2 0 |a trh peňažný 
610 2 0 |a mena 
610 2 0 |a kurz výmenný 
610 2 0 |a stabilizácia hospodárstva 
610 2 0 |a ukazovatele 
610 2 0 |a Argentína 
100 1 |a Choueiri, Nada 
700 1 |a Kaminsky, Graciela Laura